[Event "AUTO-MASTER-3306"]
[Site "http://www.queenalice.com/game.php?id=1873742"]
[Date "2026.5.21"]
[Round "1"]
[White "chessman"]
[Black "Pipo712"]
[Result "1-0"]
[WhiteElo "2117"]
[BlackElo "2122"]

1. e4 c5 2. Bb5 Qc7 3. Nf3 Nc6 4. O-O e6 5. c3 a6 6. Bd3 Nf6 7. Re1 Ne5 8. Bc2
b5 9. d4 cxd4 10. cxd4 Nxf3+ 11. gxf3 d5 12. a3 Bb7 13. e5 Nd7 14. Nc3 Rc8 15.
Kh1 g6 16. Bg5 Bg7 17. Bb3 O-O 18. Be7 Rfe8 19. Bd6 Qd8 20. Rc1 Qh4 21. Kg2 Bh6
22. Rc2 Bf4 23. h3 f6 24. Qe2 fxe5 25. dxe5 h5 26. Qd3 Kg7 27. Nxb5 axb5 28.
Qxb5 Nxe5 29. Qxb7+ Kh6 30. Bxe5 Qg5+ 31. Kh1 Bxe5 32. Rxc8 Re7 33. Rxe5 Rxb7
34. Rxg5 Kxg5 35. Rc3 Rb6 36. Kg2 h4 37. a4 d4 38. Rd3 e5 39. Bd5 Rxb2 40. Ra3
Kf4 41. Be4 g5 42. a5 1-0

[Event "AUTO-MASTER-3306"]
[Site "http://www.queenalice.com/game.php?id=1873743"]
[Date "2026.5.21"]
[Round "1"]
[White "Pipo712"]
[Black "chessman"]
[Result "1-0"]
[WhiteElo "2101"]
[BlackElo "2131"]

1. e4 e6 2. d4 d5 3. Nc3 dxe4 4. Nxe4 Nd7 5. Nf3 Ngf6 6. Bg5 Be7 7. Nxf6+ Nxf6
8. Bd3 O-O 9. O-O Rb8 10. c3 a6 11. Qc2 h6 12. Bf4 Bd7 13. Ne5 c5 14. dxc5 Bxc5
15. Rad1 Rc8 16. Rd2 Nd5 17. Bg3 Bc6 18. Bh7+ Kh8 19. c4 Nb4 20. Rxd8 Nxc2 21.
Rxc8 Rxc8 22. Bxc2 f6 23. Nxc6 Rxc6 24. Be4 1-0